| 000 | 00482nam a22001577a 4500 | ||
|---|---|---|---|
| 005 | 20130425112312.0 | ||
| 020 |
_a97881309187792 _c225.00 |
||
| 037 | _bDBAD/PUB | ||
| 100 | _aNeil,Sawers | ||
| 245 |
_aHow to Write Proposals Sales Letter & Reports / _cby Nail Sawers |
||
| 260 |
_aNew Delhi _bViva Books Private Limited _cc2009 |
||
| 270 |
_a4737/23 Ansari Road,Daryaganj _bNew Delhi _e110002 |
||
| 300 |
_a215p. _bill. _c22cm(pbk) |
||
| 500 | _aIt Includ index | ||
| 942 |
_2ddc _cEN _mSAW |
||
| 999 |
_c74844 _d74844 |
||